000 00327nam a2200145 i 4500
001 bg
100 1 _aWĘDROWSKA, Zofia
245 0 _a100 minut dla urody /
_cZofia Wędrowska.
250 _aWyd.4.
260 _aWarszawa,
_c1978.
040 _cBPK
041 _apol
942 _cKS
008 s pl f |000 0 pol
999 _c9574
_d9574
856 _uhttp://koha.tu.koszalin.pl/cgi-bin/koha/opac-detail.pl?biblionumber=9574
_yKatalog online BPK